Leader xxxxxxxxxx
001 __ PCLIS00039246
005 __ 20220613093102.0
010 0_ |a978-957-444-478-6|b平裝|dNT$380
100 __ |a20080508d2008 m y0chiy09 e
101 0_ |achi
102 __ |atw
105 __ |ac z 000cd
200 1_ |a九十六年散文選|f林文義主編
205 __ |a初版
210 __ |a臺北市|c九歌|d2008(民97)
215 0_ |a477面|c像|d21公分
225 2_ |a九歌文庫|v1010
300 __ |a作者號取自劃一題名
300 __ |a附錄: 九十六年度散文紀事 / 杜秀卿
410 _0 |12001 |a九歌文庫|v1010
500 11 |a九歌散文選|m中文
517 1_ |aCollected essays 2007|zeng
517 1_ |a96年散文選|zchi
606 __ |2cst|a散文
681 __ |a855|b8677
681 __ |a855|b8762
700 _1 |a林|b文義|f1953- |4主編
801 _0 |atw|b內湖高中|c20080508|gCCR
|